The Great Book of Everything (Record no. 12565)

MARC details
000 -LEADER
fixed length control field 00273nam a22000977a 4500
008 - FIXED-LENGTH DATA ELEMENTS--GENERAL INFORMATION
fixed length control field 240405b |||||||| |||| 00| 0 eng d
020 ## - INTERNATIONAL STANDARD BOOK NUMBER
International Standard Book Number 9781472389794
100 ## - MAIN ENTRY--PERSONAL NAME
Personal name Parragon
9 (RLIN) 6945
245 ## - TITLE STATEMENT
Title The Great Book of Everything
260 ## - PUBLICATION, DISTRIBUTION, ETC. (IMPRINT)
Place of publication, distribution, etc. New Delhi
Name of publisher, distributor, etc. Parragon Publishing India
Date of publication, distribution, etc. 2016
Holdings
Withdrawn status Lost status Source of classification or shelving scheme Damaged status Koha normalized classification for sorting Not for loan Home library Current library Shelving location Date acquired Total Checkouts Full call number Barcode Date last seen Price effective from Koha item type
    Dewey Decimal Classification   PAR_500_000000000000000   Good Samaritan School Library Good Samaritan School Library Science 04/05/2024   PAR500 PAR17876 04/05/2024 04/05/2024 BOOK

Powered by Koha